• 首页
  • 本馆介绍
  • 公告通知
  • 最新文献
  • 馆藏检索
  • 电子资源
  • 读者导购
  • 参考咨询
  • 我的图书馆
  • 登录
  • 详细信息显示
  • 放入我的书架
  • 预约/预借图书
  • 作者相关作品
  • 分类相关作品
  • 丛书相关作品
  • 出版社相关作品

书目信息

  • 表格格式
  • 工作单格式
  • 卡片格式
题名:
辽恩卡流浪记
    
 
作者: 班台莱耶夫 著 ;家骧 译
分册:  
出版信息: 北京   人民文学出版社  1983
页数: 530页
开本: 19cm
丛书名:
单 册:
中图分类: I512.4
科图分类:
主题词: 文学
电子资源:
ISBN:
000 00678nam0 2200241 45
001 0183010409
005 20060517173229.90
010    @dCNY1.40
091    @a10019.3442
100    @a19950804d1983 em y0chiy0121 ea
101 1  @achi@crus
102    @aCN@b110000
105    @ay z 000ay
200 10 @a辽恩卡流浪记@Aliao en ka liu lang ji@f(苏)班台莱耶夫著@F(su)ban tai lai ye fu zhu@g家骧译
210    @a北京@c人民文学出版社@d1983
215    @a530页@d19cm
606 0  @a文学
690    @aI512.4@v4
701  0 @a班台莱耶夫@Aban tai lai ye fu@4著
702  0 @a家骧@Ajia xiang@4译
801  2 @aCN@bNLC@c20060517
801  0 @aCN@b上海图书馆@c20060428
905    @dI512.4@e111
    
    辽恩卡流浪记/(苏)班台莱耶夫著/家骧译.-北京:人民文学出版社,1983
    530页;19cm
    
    
    ISBN :CNY1.40
    
●
相关链接 在E读中查询图书 在五车中查询图书 在当当中查询图书 在豆瓣中查询图书


正题名:辽恩卡流浪记     索取号:I512.4/111         预约/预借

序号 登录号 条形码 馆藏地/架位号 状态 备注
1 0089877   202358386   密集书库/ [索取号:I512.4/111] 在馆    
2 0089878   202244650   密集书库/ [索取号:I512.4/111] 在馆    
3 0089879   202244008   密集书库/ [索取号:I512.4/111] 在馆    
4 0089880   000695723   密集书库/ [索取号:I512.4/111] 在馆    
5 0089881   202299155   密集书库/ [索取号:I512.4/111] 在馆    
6 0151189   000695812   第二借阅区/ [索取号:I512.4/111] 在馆    
7 0151190   000695652   第一样本阅览室/ [索取号:I512.4/111] 在馆    
8 0151191   202358439   密集书库/ [索取号:I512.4/111] 在馆    
唐山师范学院图书馆 欢迎您!
大连网信软件有限公司© 版权所有